A history of schools & education in Lindsay, Lincolnshire; 1800-1902 /

Saved in:
Bibliographic Details
Main Author: Russell, Rex C. (Rex Charles)
Format: Book
Language:English
Published: Lindsey (Lincs.) : County Council Education Committee, 1965 [i. e. 1966]-.
Subjects:
LEADER 01295nam a2200265 a 4500
001 c000015366
003 CARM
005 00000000000000.0
008 870401s1966 enk 00000 eng d
019 1 |a 6665482  |5 LACONCORD2021 
035 |a (OCoLC)220477290  |5 LACONCORD2021 
050 0 0 |a LA639.L46  |b R8 
100 1 |a Russell, Rex C.  |q (Rex Charles) 
245 1 2 |a A history of schools & education in Lindsay, Lincolnshire; 1800-1902 /  |c by Rex C. Russell. 
260 |a Lindsey (Lincs.) :  |b County Council Education Committee,  |c 1965 [i. e. 1966]-. 
300 |a v. :  |b tables ;  |c 25 cm. 
500 |a Contents. -- Pt. 1. The foundation and maintenance of schools. -- Pt. 2. Sunday schools in Lindsey, the 'miserable compromise' of the Sunday school. --. 
650 0 |a Sunday schools  |z Lindsey, Eng. 
650 0 |a Education  |z Great Britain  |z Lindsey  |x History. 
852 8 |b CARM  |h A2:AI22E0  |i C04430  |p 0183016  |f BK 
852 8 |b CARM  |h A2:AI22E0  |i C04430  |p 0183015  |f BK 
082 0 4 |a 372.94253 
999 f f |i a6128176-49f4-57a8-a590-f85a193ec096  |s 4a4c22d4-ece6-5f0c-96e1-c924cbcbf7a2 
952 f f |p Can circulate  |a CAVAL  |b CAVAL  |c CAVAL  |d CARM 1 Store  |e C04430  |f A2:AI22E0  |h Other scheme  |i book  |j v.1 held  |m 0183016 
952 f f |p Can circulate  |a CAVAL  |b CAVAL  |c CAVAL  |d CARM 1 Store  |e C04430  |f A2:AI22E0  |h Other scheme  |i book  |j v.2 held  |m 0183015